000 01055cam a2200277 a 4500
999 _c4277
_d4277
001 3768066
003 GBCCL
005 20241126110515.0
008 830407r1983 tnub b 000 0 eng
010 _a 83007090
020 _a0687192358 (pbk.)
040 _aDLC
_cDLC
_dDLC
050 0 0 _aBS491.2
_b.I57 1983 vol. 4
_aBS1505.3
082 0 0 _a224.07
_219
_bMAJ
245 0 4 _aThe Major prophets :
_ba commentary on Isaiah, Jeremiah, Lamentations, Ezekiel, Daniel /
_cby Peter R. Ackroyd ... [et al.] ; edited by Charles M. Laymon.
260 _aNashville :
_bAbingdon Press,
_cc1983.
300 _a352 p. :
_bmaps ;
_c18 cm.
440 0 _aInterpreter's concise commentary ;
_vv. 4
_98092
500 _a"Previously published ... as part of the Interpreter's one-volume commentary on the Bible"--T.p. verso.
504 _aInclude bibliographies.
630 0 0 _aBible.
_pProphets
_xCommentaries.
_98093
700 1 _aAckroyd, Peter R.
_94708
700 1 _aLaymon, Charles M.
_96841
906 _a7
_bcbc
_corignew
_d1
_eocip
_f19
_gy-gencatlg
942 _2ddc
_cBK
_09